=LDR 00000nam 2200000 4500 =001 INLIS000000000041356 =005 20130612150908 =008 ***********************************ind** =035 ##$$0010-061300000041356 =041 ##$$a ind =082 ##$$a 015.598 15 =090 ##$$a 015.598 15, Lap l =245 ##$$a Laporan Pemantauan dan pelacakan Karya Cetak dan Karya rekam pada para penerbit dan swasta di provinsi Jambi =260 ##$$a 2011 $b Jakarta =300 ##$$a 42 hlm, 29 cm =650 ##$$a Terbitan-Provinsi Jambi-laporan =710 ##$$a Badan Perpustakaan dan Arsip Daerah Provinsi Jambi =850 ##$$a NNT-CD